Implementation and practical use of LDAP on the IBM Eserver ISeries server (Record no. 210145)
[ view plain ]
| 000 -LEADER | |
|---|---|
| fixed length control field | 01477nam a22003374a 4500 |
| 245 00 - TITLE STATEMENT | |
| Title | Implementation and practical use of LDAP on the IBM Eserver ISeries server |
| 250 ## - EDITION STATEMENT | |
| Edition statement | 1st ed. |
| 260 ## - PUBLICATION, DISTRIBUTION, ETC. (IMPRINT) | |
| Place of publication | Rochester, Minn. : |
| Name of publisher | IBM Corp., International Technical Support Organization, |
| Year of publication | 2002. |
| 300 ## - PHYSICAL DESCRIPTION | |
| Number of Pages | xvi, 574 p. : |
| Other physical details | ill. |
| 490 1# - SERIES STATEMENT | |
| Series statement | IBM redbooks |
| 500 ## - GENERAL NOTE | |
| General note | The "e" in "eserver" is printed as the symbol for electronic. |
| General note | "SG24-6193-00." |
| 650 #0 - SUBJECT ADDED ENTRY--TOPICAL TERM | |
| Topical Term | LDAP (Computer network protocol) |
| 856 40 - ELECTRONIC LOCATION AND ACCESS | |
| Uniform Resource Identifier | http://site.ebrary.com/lib/rucke/Doc?id=10112343 |
No items available.
